Effective Communications for Nutrition in Primary Health Care/ (Record no. 202833)
[ view plain ]
| 000 -LEADER | |
|---|---|
| fixed length control field | 00740 a2200205 4500 |
| 005 - DATE AND TIME OF LATEST TRANSACTION | |
| control field | 20240513144948.0 |
| 010 ## - LCCN (DPL NO) | |
| LC control number | B-759013 |
| 020 ## - INTERNATIONAL STANDARD BOOK NUMBER | |
| International Standard Book Number | 9280806343 |
| Terms of availability | 0.00 |
| 035 ## - SYSTEM CONTROL NUMBER | |
| System control number | B-759013 |
| 037 ## - SOURCE OF ACQUISITION | |
| Source of stock number/acquisition | Gift/Unesco |
| 082 ## - DEWEY DECIMAL CLASSIFICATION NUMBER | |
| Classification number | 614.25 |
| 245 ## - TITLE STATEMENT | |
| Title | Effective Communications for Nutrition in Primary Health Care/ |
| Statement of responsibility, etc | Edited by-Jean E. Andersen[and] Aree Valyasevi |
| 260 ## - PUBLICATION, DISTRIBUTION, ETC. (IMPRINT) | |
| Place of publication, distribution, etc | Tokyo |
| Name of publisher, distributor, etc | UNU |
| Date of publication, distribution, etc | 1988 |
| 270 ## - ADDRESS | |
| City | Tokyo |
| 300 ## - PHYSICAL DESCRIPTION | |
| Extent | 208 p. |
| Dimensions | 24cm (Pb) |
| 700 ## - ADDED ENTRY--PERSONAL NAME | |
| Personal name | Andersen, Jean E. |
| 9 (RLIN) | 66112 |
| 700 ## - ADDED ENTRY--PERSONAL NAME | |
| Personal name | Valyasevi, Aree |
| 9 (RLIN) | 66113 |
| 942 ## - ADDED ENTRY ELEMENTS (KOHA) | |
| Institution code [OBSOLETE] | dpl |
| Item type | English Books |
| Source of classification or shelving scheme | Dewey Decimal Classification |
| Classification part | 614.25 |
| Call number suffix | EFF |
| Withdrawn status | Lost status | Not for loan | Collection code | Home library | Current library | Date acquired | Source of acquisition | Cost, normal purchase price | Full call number | Barcode | Copy number | Cost, replacement price | Koha item type | Public note |
|---|---|---|---|---|---|---|---|---|---|---|---|---|---|---|
| Non-fiction | Peshwa Road | Peshwa Road | 13/05/2024 | Gift/10.5.24 | 0.00 | 614.25 EFF | B-759013 | 1 | 0.00 | English Books | Gift |
